Normal view
MARC view
- Edmund Burke
Entry Personal Name
001 - CONTROL NUMBER
- control field: 107685
003 - CONTROL NUMBER IDENTIFIER
- control field: NUST
005 - DATE AND TIME OF LATEST TRANSACTION
- control field: 20230125181250.0
008 - FIXED-LENGTH DATA ELEMENTS
- fixed length control field: 230125|| aca||aabn | a|a d
040 ## - CATALOGING SOURCE
- Original cataloging agency: NUST
- Transcribing agency: NUST
100 ## - HEADING--PERSONAL NAME
- Personal name: Edmund Burke
670 ## - SOURCE DATA FOUND
- Source citation: Work cat.: (NUST)186098: Edmund Burke, Relfection on the french revolution and other Essays /, 1935
